000 01975nam0a2200385 4500
001 RU\NLR\BIBL_A\011808538
005 20181116115721.0
010 _a978-5-903920-43-3
_9500
021 _aRU
_bКН-П-18-4237
_9КН-П-18-058846
035 _a(NLR Aleph) 011808538
035 _a(RuMoRGB)009715585
090 _a11905648
_c11905648
100 _a20181003d2016 k y0rusy50 ca
101 0 _aeng
102 _aRU
105 _aach z 100zy
200 1 _aAmber in the history of medicine
_eproceedings of the International conference [which was held from 14 to 17 September 2015 at Kaliningrad regional amber museum]
_fMinistry of culture of Kaliningrad oblast, Kaliningrad regional amber museum
_g[editorial board: Tatiana J. Suvorova et al.]
210 _aKaliningrad
_cKaliningrad regional amber museum
_d2016
215 _a271 с.
_cил., цв. ил., факс., портр.
_d28
320 _aБиблиогр. в конце докл.
541 1 _aЯнтарь в истории и медицине
541 1 _aЯнтарь в истории медицины. Труды международной конференции.
606 1 _aЯнтарные художественные изделия
_jСъезды, совещания и т.п
_2nlr_sh1
_2nlr_sh2
_3RU\NLR\AUTH\661177544
606 1 _aЯнтарь
_xЛечебное применение
_jСъезды, совещания и т.п
_2nlr_sh1
_2nlr_sh2
_3RU\NLR\AUTH\661268152
610 0 _aянтарь в истории медицины
686 1 _aР358.9я431(0)
686 1 _aЩ125.73(0)я431
702 1 _aSuvorova
_bT.J.
_gTat'jana Jur'evna
_4340
711 1 2 _a"Amber in the history of medicine", international scientific conference
_f2015
_eKaliningrad
_3RU\NLR\AUTH\880484125
712 0 2 _aKaliningrad regional amber museum
_3RU\NLR\AUTH\880484129
_4570
942 _cBOOK
980 _aNB